000 00273nam a2200097Ia 4500
001 645604
005 20250826153626.0
008 250824s9999 xx 000 0 und d
245 0 _aSİHİRLİ KRALLIK/KIR ÇİÇEĞİ ORMANI/L2
_cROSİE BANKS
260 _bDOĞAN EGMONT YAYINLARI
999 _c645604
_d645604